00307nam a2200121Ia 4500008004100000041000800041082001500049100002300064245002900087260003100116300002900147365000900176240624s9999 xx 000 0 und d aeng a339.53 MIS aMISHKIN FREDERIC S aMONETARY POLICY STRATEGY c2007aNew DelhibMIT Press ax, : 549 : p. : cm. ; 25 cb36